000 00342nam a2200133Ia 4500
008 231129s9999||||xx |||||||||||||| ||spa||
020 _a84-204-3205-9
040 _bspa
082 _a(i) 808.068 K19h
100 _aKastner Erich
245 0 _aEl hombre pequenito
264 _a7. ed
942 _2ddc
_cBKS
999 _c11284
_d11284